Loading...
| Literature - World | 0 | 7 | 0 | 0 | 70 | 45 | 64.29 | 1 | 4 | 0.00 | 0.00 |
| Painting/Sculpture | 0 | 6 | 1 | 1 | 55 | 28 | 59.67 | 2 | 5 | 0.00 | 0.00 |
| Literature - American | 0 | 6 | 1 | 0 | 55 | 39 | 77.50 | 1 | 2 | 0.00 | 0.00 |
| Literature - British | 0 | 4 | 1 | 0 | 35 | 48 | 66.50 | 0 | 3 | 0.00 | 0.00 |
| Literature - European | 0 | 3 | 1 | 0 | 25 | 47 | 75.00 | 1 | 1 | 0.00 | 0.00 |
| Fine Arts - Other | 0 | 2 | 0 | 0 | 20 | 50 | 61.00 | 0 | 2 | 0.00 | 0.00 |
| Current Events | 0 | 2 | 1 | 0 | 15 | 18 | 46.50 | 1 | 2 | 0.00 | 0.00 |
| Mythology | 0 | 2 | 1 | 0 | 15 | 42 | 59.00 | 1 | 1 | 0.00 | 0.00 |
| Fine Arts - Classical Music | 0 | 1 | 0 | 0 | 10 | 71 | 71.00 | 0 | 1 | 0.00 | 0.00 |
| Philosophy | 0 | 1 | 0 | 0 | 10 | 93 | 93.00 | 0 | 1 | 0.00 | 0.00 |
| Science - Biology | 0 | 1 | 0 | 0 | 10 | 76 | 76.00 | 0 | 0 | 0.00 | 0.00 |
| Religion | 0 | 1 | 1 | 1 | 5 | 111 | 111.00 | 0 | 0 | 0.00 | 0.00 |